00390nam a2200145Ia 4500003000400000005001700004008004100021040000900062082002000071100003000091245004000121260006100161300000800222650001400230OSt20201221103705.0190216s9999||||xx |||||||||||||| ||und|| coclc a894.8121bMEN/N aMenon, Vallathol Narayana 0aNagila /cVallathol Narayana Menon  b"Vallathol Grandhalayam, Cheruthuruthi,c1962.aTrissur: a18p aKavithkal